[Event "FRA-chT U20 Top"]
[Site "Bischwiller"]
[Date "2016.05.16"]
[Round "4"]
[White "Attard, Leopold"]
[Black "Danielian, Kevin"]
[Result "0-1"]
[WhiteElo "1979"]
[BlackElo "2075"]
[PlyCount "128"]
[EventDate "2016.05.14"]
[EventType "tourn"]
[EventRounds "11"]
[EventCountry "FRA"]
[SourceTitle "EXT 2019"]
[Source "ChessBase"]
[SourceDate "2018.10.10"]
[SourceVersion "1"]
[SourceVersionDate "2018.10.10"]
[SourceQuality "1"]

1. d4 d5 2. c4 c6 3. cxd5 cxd5 4. Bf4 Nc6 5. Nc3 Nf6 6. e3 Bf5 7. Qb3 Na5 8. Qa4+ Bd7 9. Qc2 e6 10. Bd3 Be7 11. Nf3 0-0 12. 0-0 Rc8 13. Rac1 b5 14. Qb1 Nc4 15. Rfd1 b4 16. Ne2 Bb5 17. Ne5 Qb6 18. Ng3 Nd6 19. f3 a5 20. Kh1 Bxd3 21. Qxd3 Qb7 22. a4 bxa3 23. bxa3 Nd7 24. Rb1 Qa7 25. e4 Nb6 26. Rdc1 Ndc4 27. Nxc4 Nxc4 28. a4 Bb4 29. Nf1 Qd7 30. Ra1 Nb6 31. exd5 exd5 32. Ne3 Rxc1+ 33. Rxc1 Rc8 34. Qb1 Rxc1+ 35. Qxc1 Nxa4 36. Qc2 Nb6 37. Qc7 Qxc7 38. Bxc7 Nc4 39. Nxd5 Bd6 40. Bxd6 Nxd6 41. Nc3 Nf5 42. d5 Kf8 43. Kg1 Ke7 44. g4 Ne3 45. Kf2 Nc4 46. Ke2 Nb6 47. Kd3 a4 48. Kd4 a3 49. Kd3 Na4 50. Na2 Kd6 51. Nb4 Nb6 52. Kc2 Nxd5 53. Nd3 a2 54. Kb2 Nc3 55. Nf4 Ke5 56. Nh3 h6 57. g5 h5 58. Ka1 Ne2 59. Kxa2 Nd4 60. f4+ Kf5 61. Kb2 Kg4 62. Nf2+ Kxf4 63. h4 Nf3 64. Nd3+ Kg4 0-1

[Event "World ol U16"]
[Site "Ulaanbaatar"]
[Date "2015.08.24"]
[Round "5.2"]
[White "Danielian, Kevin"]
[Black "Agmanov, Zhandos"]
[Result "1-0"]
[WhiteElo "1975"]
[BlackElo "2290"]
[PlyCount "109"]
[EventDate "2015.08.20"]
[EventType "team-swiss"]
[EventRounds "9"]
[EventCountry "MGL"]
[SourceTitle "EXT 2016"]
[Source "ChessBase"]
[SourceDate "2015.10.08"]
[SourceVersion "1"]
[SourceVersionDate "2015.10.08"]
[SourceQuality "1"]
[WhiteTeam "France"]
[BlackTeam "Kazakhstan"]
[WhiteTeamCountry "FRA"]
[BlackTeamCountry "KAZ"]

1. d4 Nf6 2. c4 g6 3. f3 d5 4. cxd5 Nxd5 5. e4 Nb6 6. Nc3 Bg7 7. Be3 0-0 8. Qd2 Nc6 9. 0-0-0 e5 10. d5 Nd4 11. f4 c5 12. fxe5 Bg4 13. Re1 Bxe5 14. h3 Bd7 15. Nf3 Nxf3 16. gxf3 Na4 17. Nxa4 Bxa4 18. f4 Bd4 19. Bxd4 cxd4 20. Kb1 Qb6 21. Bd3 a5 22. h4 Qb4 23. Qh2 h5 24. f5 Bb5 25. Bxb5 Qxb5 26. Rhg1 Ra6 27. d6 Kh7 28. fxg6+ fxg6 29. Qg3 Rg8 30. Ref1 Rg7 31. Rf7 g5 32. Rxg7+ Kxg7 33. Qxg5+ Qxg5 34. Rxg5+ Kf6 35. Rxh5 Ra8 36. Rd5 Rd8 37. Kc2 Ke6 38. Kd3 Kd7 39. Kxd4 Rh8 40. h5 b6 41. a4 Rh7 42. Kc4 Rh6 43. Kb5 Rh8 44. e5 Rg8 45. Rd1 Re8 46. Re1 Ke6 47. h6 Rh8 48. Rd1 Kd7 49. e6+ Kxe6 50. d7 Rd8 51. h7 Ke7 52. h8Q Rxh8 53. d8Q+ Rxd8 54. Rxd8 Kxd8 55. Kxb6 1-0

[Event "Saint Affrique op 22nd"]
[Site "Saint Affrique"]
[Date "2014.07.25"]
[Round "8.27"]
[White "Pottier, Simeon"]
[Black "Danielian, Kevin"]
[Result "0-1"]
[WhiteElo "1619"]
[BlackElo "1848"]
[PlyCount "44"]
[EventDate "2014.07.19"]
[EventType "swiss"]
[EventRounds "9"]
[EventCountry "FRA"]
[SourceTitle "CBM 161 Extra"]
[Source "ChessBase"]
[SourceDate "2014.08.29"]
[SourceVersion "1"]
[SourceVersionDate "2014.08.29"]
[SourceQuality "1"]

1. e4 c5 2. d4 cxd4 3. c3 d5 4. exd5 Qxd5 5. cxd4 Nc6 6. Nf3 Bg4 7. Nc3 Qh5 8. Be2 Nf6 9. h3 e6 10. 0-0 Bxh3 11. gxh3 Qxh3 12. Bf4 g5 13. Bg3 Rg8 14. Ne5 h5 15. Nxc6 h4 16. Qa4 hxg3 17. Ne5+ Kd8 18. Nxf7+ Kc8 19. fxg3 Qxg3+ 20. Kh1 Rh8+ 21. Nxh8 Bd6 22. Qc4+ Kb8 0-1

[Event "Salon de Provence op 5th"]
[Site "Salon de Provence"]
[Date "2014.07.12"]
[Round "8"]
[White "Faure, Alexandre"]
[Black "Danielian, Kevin"]
[Result "0-1"]
[WhiteElo "1875"]
[BlackElo "1848"]
[PlyCount "46"]
[EventDate "2014.07.05"]
[EventType "swiss"]
[EventRounds "9"]
[EventCountry "FRA"]
[SourceTitle "EXT 2015"]
[Source "ChessBase"]
[SourceDate "2014.11.20"]
[SourceVersion "1"]
[SourceVersionDate "2014.11.20"]
[SourceQuality "1"]

1. e4 e6 2. d4 d5 3. e5 c5 4. c3 Nc6 5. Nf3 Bd7 6. Be3 Qb6 7. Qd2 cxd4 8. cxd4 f6 9. Nc3 a6 10. Bd3 fxe5 11. Nxe5 Nxe5 12. dxe5 Bc5 13. Bxc5 Qxc5 14. 0-0 Nh6 15. Qc2 g6 16. Rac1 Qe7 17. f4 0-0 18. Rf3 Nf5 19. Qf2 Rac8 20. Rh3 Qc5 21. Ne2 Qxc1+ 22. Nxc1 Rxc1+ 23. Bf1 Bb5 0-1

[Event "Salon de Provence op 5th"]
[Site "Salon de Provence"]
[Date "2014.07.10"]
[Round "6"]
[White "Massardo, Quentin"]
[Black "Danielian, Kevin"]
[Result "1-0"]
[WhiteElo "1829"]
[BlackElo "1848"]
[PlyCount "63"]
[EventDate "2014.07.05"]
[EventType "swiss"]
[EventRounds "9"]
[EventCountry "FRA"]
[SourceTitle "EXT 2015"]
[Source "ChessBase"]
[SourceDate "2014.11.20"]
[SourceVersion "1"]
[SourceVersionDate "2014.11.20"]
[SourceQuality "1"]

1. d4 d5 2. c4 e6 3. Nf3 Nf6 4. g3 c6 5. Bg2 Nbd7 6. 0-0 Be7 7. Nc3 0-0 8. Qd3 b6 9. b3 Bb7 10. Bf4 Nh5 11. Bd2 Rc8 12. e4 dxe4 13. Nxe4 Nhf6 14. Nfg5 Nxe4 15. Nxe4 Nf6 16. Bc3 Nxe4 17. Bxe4 f5 18. Bg2 e5 19. Rad1 e4 20. Qe3 Bg5 21. f4 Bf6 22. g4 g6 23. gxf5 gxf5 24. Bh3 Bg7 25. Rf2 Rc7 26. Rg2 Bc8 27. Kh1 Qh4 28. Rdg1 Rff7 29. d5 cxd5 30. Bd4 Qh6 31. Rxg7+ Rxg7 32. cxd5 1-0

[Event "Salon de Provence op 5th"]
[Site "Salon de Provence"]
[Date "2014.07.09"]
[Round "5"]
[White "Danielian, Kevin"]
[Black "Busson, Benoist"]
[Result "1/2-1/2"]
[WhiteElo "1848"]
[BlackElo "1977"]
[PlyCount "99"]
[EventDate "2014.07.05"]
[EventType "swiss"]
[EventRounds "9"]
[EventCountry "FRA"]
[SourceTitle "EXT 2015"]
[Source "ChessBase"]
[SourceDate "2014.11.20"]
[SourceVersion "1"]
[SourceVersionDate "2014.11.20"]
[SourceQuality "1"]

1. d4 Nf6 2. c4 Nc6 3. Nf3 e6 4. Nc3 Bb4 5. e3 0-0 6. c5 b6 7. cxb6 axb6 8. Qc2 Re8 9. Be2 Ba6 10. 0-0 Bxe2 11. Nxe2 e5 12. Bd2 exd4 13. Nexd4 Nxd4 14. Nxd4 Bxd2 15. Qxd2 Ra5 16. b4 Rh5 17. Nf3 g5 18. a4 Ne4 19. Qd5 d6 20. a5 Nf6 21. Qc6 g4 22. Nd4 Nd7 23. a6 Ne5 24. Qb7 c5 25. a7 Qa8 26. Qxa8 Rxa8 27. Nb5 Nc6 28. Nxd6 Rxa7 29. Rxa7 Nxa7 30. bxc5 Rxc5 31. e4 Nc6 32. Rb1 Ne5 33. Kf1 Nd7 34. Rb2 Rc1+ 35. Ke2 Rh1 36. Nc4 Rxh2 37. Nxb6 Nxb6 38. Rxb6 Rxg2 39. Ke3 Kg7 40. e5 h5 41. Rb7 Kf8 42. Ra7 h4 43. Ra1 h3 44. Rh1 Kg7 45. f3 gxf3 46. Kxf3 Ra2 47. Rxh3 Ra3+ 48. Kg4 Rxh3 49. Kxh3 Kg6 50. Kg4 1/2-1/2

[Event "Salon de Provence op 5th"]
[Site "Salon de Provence"]
[Date "2014.07.07"]
[Round "3"]
[White "Danielian, Kevin"]
[Black "Colandrea, Sauveur"]
[Result "1-0"]
[WhiteElo "1848"]
[BlackElo "1764"]
[PlyCount "33"]
[EventDate "2014.07.05"]
[EventType "swiss"]
[EventRounds "9"]
[EventCountry "FRA"]
[SourceTitle "EXT 2015"]
[Source "ChessBase"]
[SourceDate "2014.11.20"]
[SourceVersion "1"]
[SourceVersionDate "2014.11.20"]
[SourceQuality "1"]

1. d4 d5 2. c4 Nc6 3. cxd5 Qxd5 4. Nf3 e5 5. Nc3 Bb4 6. Bd2 Bxc3 7. Bxc3 Bg4 8. Nxe5 Nxe5 9. dxe5 0-0-0 10. Qxd5 Rxd5 11. f3 Be6 12. e4 Rc5 13. Bd3 Ne7 14. Bb4 Rxe5 15. Bxe7 Bh3 16. gxh3 Rxe7 17. Ke2 1-0

[Event "Vitrolles-ch 13th"]
[Site "Vitrolles"]
[Date "2013.03.09"]
[Round "8"]
[White "Dudognon, Thibault"]
[Black "Danielian, Kevin"]
[Result "1-0"]
[WhiteElo "1906"]
[BlackElo "1785"]
[PlyCount "81"]
[EventDate "2012.03.09"]
[EventType "swiss"]
[EventRounds "9"]
[EventCountry "FRA"]
[SourceTitle "EXT 2014"]
[Source "ChessBase"]
[SourceDate "2013.11.20"]
[SourceVersion "1"]
[SourceVersionDate "2013.11.20"]
[SourceQuality "1"]

1. e4 c5 2. Nf3 Nc6 3. d4 cxd4 4. Nxd4 Nf6 5. Nc3 e5 6. Ndb5 d6 7. Bg5 a6 8. Na3 b5 9. Nd5 Be7 10. Bxf6 Bxf6 11. c3 Bg5 12. Nc2 0-0 13. a4 bxa4 14. Rxa4 a5 15. Bc4 Rb8 16. Ra2 Kh8 17. 0-0 f5 18. f3 Ne7 19. Nxe7 Qxe7 20. b3 fxe4 21. fxe4 Rf4 22. Rxf4 Bxf4 23. g3 Qa7+ 24. Kg2 Bb7 25. Bd5 Bh6 26. b4 Bxd5 27. exd5 Qc7 28. Qd3 axb4 29. Nxb4 e4 30. Qxe4 Qxc3 31. Nc6 Rf8 32. Rf2 Rxf2+ 33. Kxf2 Qf6+ 34. Kg2 Qf7 35. Qe6 Qxe6 36. dxe6 Kg8 37. Kf3 Kf8 38. Ke4 Bc1 39. Kd5 Ba3 40. Nd4 g5 41. g4 1-0

[Event "Vitrolles-ch 13th"]
[Site "Vitrolles"]
[Date "2012.11.10"]
[Round "3"]
[White "Danielian, Kevin"]
[Black "Estevez, Eric"]
[Result "0-1"]
[WhiteElo "1785"]
[BlackElo "1980"]
[PlyCount "57"]
[EventDate "2012.03.09"]
[EventType "swiss"]
[EventRounds "9"]
[EventCountry "FRA"]
[SourceTitle "EXT 2014"]
[Source "ChessBase"]
[SourceDate "2013.11.20"]
[SourceVersion "1"]
[SourceVersionDate "2013.11.20"]
[SourceQuality "1"]

1. d4 e5 2. dxe5 Nc6 3. Nf3 f6 4. exf6 Nxf6 5. Nc3 d5 6. Bg5 Bb4 7. e3 Bg4 8. Bb5 0-0 9. Bxc6 bxc6 10. Qd4 Bxc3+ 11. Qxc3 Qe8 12. Bxf6 Rxf6 13. Ne5 h5 14. h3 Bc8 15. g4 c5 16. f4 d4 17. Qxc5 dxe3 18. Qxe3 Qf8 19. 0-0 hxg4 20. hxg4 Rb6 21. b3 Qe7 22. Rf3 Rh6 23. g5 Rb6 24. Kf2 Bf5 25. Rh1 Rd8 26. c3 Qa3 27. Qe2 Re6 28. Kg3 Qe7 29. Qe3 0-1

[Event "Vitrolles-ch 13th"]
[Site "Vitrolles"]
[Date "2012.10.20"]
[Round "2"]
[White "Faure, Alexandre"]
[Black "Danielian, Kevin"]
[Result "1-0"]
[WhiteElo "1815"]
[BlackElo "1785"]
[PlyCount "97"]
[EventDate "2012.03.09"]
[EventType "swiss"]
[EventRounds "9"]
[EventCountry "FRA"]
[SourceTitle "EXT 2014"]
[Source "ChessBase"]
[SourceDate "2013.11.20"]
[SourceVersion "1"]
[SourceVersionDate "2013.11.20"]
[SourceQuality "1"]

1. e4 e6 2. d4 d5 3. e5 c5 4. c3 Qb6 5. Nf3 Nc6 6. Bd3 Bd7 7. dxc5 Bxc5 8. 0-0 f5 9. b4 Be7 10. Be3 Qc7 11. Re1 a6 12. Nbd2 Nh6 13. Bxh6 gxh6 14. Nb3 Rg8 15. Qd2 Rg6 16. Nbd4 Kf7 17. Nxc6 bxc6 18. c4 Rag8 19. g3 Qa7 20. c5 h5 21. h4 a5 22. a3 Bc8 23. Nd4 Qa8 24. Be2 Bxh4 25. Bxh5 Be7 26. Qh6 R8g7 27. Bxg6+ hxg6 28. Nf3 g5 29. Qh5+ Rg6 30. Kg2 Ba6 31. Rh1 Qf8 32. Nd4 Bc8 33. Nxc6 Bb7 34. Nd4 Bc8 35. Nc6 Bb7 36. Nxa5 Ba8 37. Qh7+ Rg7 38. Qh5+ Rg6 39. Qh7+ Rg7 40. Qh5+ Rg6 41. c6 g4 42. Qh8 Rg8 43. Qh5+ Rg6 44. b5 Bxa3 45. Qh8 Bb2 46. Qxf8+ Kxf8 47. Rh8+ Rg8 48. Rxg8+ Kxg8 49. c7 1-0

[Event "Saint Affrique op 20th"]
[Site "Saint Affrique"]
[Date "2012.07.24"]
[Round "5"]
[White "Grezes, Yves"]
[Black "Danielian, Kevin"]
[Result "0-1"]
[WhiteElo "1955"]
[BlackElo "1688"]
[PlyCount "38"]
[EventDate "2012.07.21"]
[EventType "swiss"]
[EventRounds "9"]
[EventCountry "FRA"]
[SourceTitle "CBM 149 Extra"]
[Source "ChessBase"]
[SourceDate "2012.08.24"]
[SourceVersion "1"]
[SourceVersionDate "2012.08.24"]
[SourceQuality "1"]

1. c4 Nf6 2. Nc3 g6 3. e4 d6 4. d4 Bg7 5. Nf3 0-0 6. Be2 e5 7. d5 Nbd7 8. 0-0 Ne8 9. Qc2 f5 10. Ng5 Nc5 11. b4 Nxe4 12. Ncxe4 fxe4 13. Be3 Nf6 14. Rad1 h6 15. Nxe4 Nxe4 16. f3 Nf6 17. Qxg6 Qe8 18. Qc2 Bd7 19. Bd3 Ba4 0-1

[Event "Marseille op 4th"]
[Site "Marseille"]
[Date "2011.12.28"]
[Round "5"]
[White "Danielian, Kevin"]
[Black "Ouahhoud, Yassine"]
[Result "1-0"]
[WhiteElo "1555"]
[BlackElo "1370"]
[PlyCount "47"]
[EventDate "2011.12.26"]
[EventType "swiss"]
[EventRounds "9"]
[EventCountry "FRA"]
[SourceTitle "CBM 146 Extra"]
[Source "ChessBase"]
[SourceDate "2012.02.29"]
[SourceVersion "1"]
[SourceVersionDate "2012.02.29"]
[SourceQuality "1"]

1. d4 d5 2. c4 e6 3. Nc3 Nf6 4. Bf4 c5 5. Nf3 Qb6 6. Rb1 cxd4 7. Nxd4 Bc5 8. Na4 Qb4+ 9. Bd2 Qxc4 10. e3 Qxa2 11. Ra1 Qxa1 12. Qxa1 Bd6 13. Bb5+ Bd7 14. Bxd7+ Nbxd7 15. 0-0 0-0 16. Nc3 a6 17. Re1 Nc5 18. Qb1 Rac8 19. f3 Ncd7 20. Rc1 Rfe8 21. Nd1 Rxc1 22. Qxc1 Nc5 23. Nf2 Rc8 24. b4 1-0

[Event "Marseille op 4th"]
[Site "Marseille"]
[Date "2011.12.27"]
[Round "3"]
[White "Danielian, Kevin"]
[Black "Sivan, Michel"]
[Result "0-1"]
[WhiteElo "1555"]
[BlackElo "1836"]
[PlyCount "108"]
[EventDate "2011.12.26"]
[EventType "swiss"]
[EventRounds "9"]
[EventCountry "FRA"]
[SourceTitle "CBM 146 Extra"]
[Source "ChessBase"]
[SourceDate "2012.02.29"]
[SourceVersion "1"]
[SourceVersionDate "2012.02.29"]
[SourceQuality "1"]

1. d4 Nf6 2. c4 g6 3. Nc3 Bg7 4. e4 d6 5. Nf3 0-0 6. Be2 e5 7. 0-0 Nc6 8. d5 Ne7 9. Bd2 Nh5 10. Ne1 Nf4 11. Nd3 Nxe2+ 12. Qxe2 f5 13. f3 f4 14. b4 h5 15. Rac1 g5 16. c5 a6 17. cxd6 cxd6 18. Rc2 Rf6 19. Nf2 Rg6 20. g4 hxg4 21. Nxg4 Qb6+ 22. Kg2 Qxb4 23. Rb1 Qc5 24. Qd1 Qa7 25. Na4 b5 26. Qc1 Bxg4 27. fxg4 Qd7 28. h3 bxa4 29. Rc7 Qe8 30. Rbb7 Bf8 31. Ba5 Rg7 32. Qa3 Rb8 33. Qxd6 Rxb7 34. Rxb7 Nc8 35. Rxg7+ Kxg7 36. Qxa6 Nd6 37. Qd3 Qb5 38. Qxb5 Nxb5 39. Bd8 Nc3 40. Bxg5 Nxa2 41. Bd8 a3 42. Bc7 Kf6 43. h4 Bg7 44. Bd8+ Kf7 45. h5 Nc3 46. Ba5 Nxe4 47. d6 Ke6 48. g5 a2 49. h6 Bh8 50. g6 Nxd6 51. Bc3 Nf5 52. g7 Nxg7 53. hxg7 Bxg7 54. Kf2 Bf6 0-1

[Event "Marseille op 4th"]
[Site "Marseille"]
[Date "2011.12.26"]
[Round "1"]
[White "Danielian, Kevin"]
[Black "Brest, Jean Francois"]
[Result "0-1"]
[WhiteElo "1555"]
[BlackElo "2024"]
[PlyCount "48"]
[EventDate "2011.12.26"]
[EventType "swiss"]
[EventRounds "9"]
[EventCountry "FRA"]
[SourceTitle "CBM 146 Extra"]
[Source "ChessBase"]
[SourceDate "2012.02.29"]
[SourceVersion "1"]
[SourceVersionDate "2012.02.29"]
[SourceQuality "1"]

1. d4 Nf6 2. c4 g6 3. Nc3 d5 4. cxd5 Nxd5 5. e4 Nxc3 6. bxc3 Bg7 7. Bc4 0-0 8. Ne2 c5 9. 0-0 Nc6 10. Be3 Qc7 11. Rc1 Rd8 12. Qc2 Bd7 13. Rfd1 Na5 14. Qd3 a6 15. Bf4 Qc8 16. Bg3 Nxc4 17. Qxc4 Bb5 18. Qb3 Bxe2 19. Re1 Bd3 20. dxc5 Bb5 21. a4 Bc6 22. f3 Rd3 23. Red1 Qd7 24. Qb1 Rd8 0-1